00710 2200289 4500001002100000005001500021035002000036007000300056008004100059040001700100100001300117245003700130250001000167300002500177020001800202041000800220082001000228084001600238090002000254260003400274650001400308850001000322990002200332990002200354990002200376990002200398INLIS00000000000331120260527040854 a0010-0421000134ta260527 0  aSBPUPADbind0 aNasotion1 aTeknologi Pendidikan /cNasution aCet.8 ax, 114 hlm. ;c21 cm a979-526-199-10 aind a370.1 a370.1 NAS t a370.1 NAS t 3-1 aJakarta :bBumi Aksara,c2015 4aTeknologi aPUPAD a25.245/B/DPK/2017 a25.242/B/DPK/2017 a25.244/B/DPK/2017 a25.243/B/DPK/2017